| 000 | 00485nam a2200145Ia 4500 | ||
|---|---|---|---|
| 003 | OSt | ||
| 005 | 20260226095253.0 | ||
| 008 | 211028s2019 xx 000 0 und d | ||
| 040 | _cAIMIT LIBRARY | ||
| 041 | _aeng | ||
| 100 |
_aNahata, Kriti; Kamath, T Ramesh. _g1716089 _98067 |
||
| 245 | _aStudy on comparsion between traditional marketing VS digital marketing with special reference to Mandovi Motors Private Limited / | ||
| 260 |
_aMangalore _bSwapna Rose _c2019 |
||
| 942 |
_2ddc _cPRO |
||
| 999 |
_c219635 _d219635 |
||